Statistics for Countries With Most Car Exports

Click here to take the quiz!

General Stats

  • This quiz has been taken 65 times
  • The average score is 7 of 8

Answer Stats

Answer% Correct
United States
98%
Germany
97%
japan
97%
United Kingdom
92%
South Korea
88%
Mexico
74%
Spain
74%
Canada
68%

Score Distribution

Percentile by Number Answered

Percent of People with Each Score

Your Score History

You have not taken this quiz